Základní, obecně uznávané zásady účetnictví v tržní ekonomice: význam a klasifikace. 2

Kvalitatívna charakteristika účtovných informácií a ich význam pri formovaní koncepcie finančného účtovníctva. Vecné, obsahové a všeobecne uznávané zásady finančného účtovníctva. Dlhodobé a odchýlkové princípy.

Salvato in:
Dettagli Bibliografici
Autore principale: Janout, J.
Natura: Capitolo di libro
Lingua:ceco
Soggetti:
Tags: Aggiungi Tag
Nessun Tag, puoi essere il primo ad aggiungerne!!

MARC

LEADER 00000naa a2200000 4500
001 r028213
005 20230913081311.1
041 0 |a cze 
044 |a CZ 
245 1 0 |a Základní, obecně uznávané zásady účetnictví v tržní ekonomice: význam a klasifikace. 2  |c J. Janout 
520 |a Kvalitatívna charakteristika účtovných informácií a ich význam pri formovaní koncepcie finančného účtovníctva. Vecné, obsahové a všeobecne uznávané zásady finančného účtovníctva. Dlhodobé a odchýlkové princípy. 
610 2 0 |a účtovníctvo 
610 2 0 |a účtovníctvo finančné 
610 2 0 |a teória a prax 
610 2 0 |a účtovanie 
100 1 |a Janout, J.